Program zhovievavosti v podmienkach Slovenskej republiky

Program zhovievavosti - jeho historický vývoj, informácie o programe a podmienkach. Nový online nástroj eLeniency. Príklad využitia programu zhovievavosti.

Guardado en:
Detalles Bibliográficos
Autor principal: Holzerová, Patrícia, 1995-
Otros Autores: Figurová, Dana
Formato: Capítulo de libro
Lenguaje:eslovaco
Materias:
Etiquetas: Agregar Etiqueta
Sin Etiquetas, Sea el primero en etiquetar este registro!

MARC

LEADER 00000naa$a2200000$$$4500
001 0261069
005 20240502074138.1
041 0 |a slo 
044 |a SK 
245 1 0 |a Program zhovievavosti v podmienkach Slovenskej republiky  |c Patrícia Holzerová, Dana Figurová 
520 |a Program zhovievavosti - jeho historický vývoj, informácie o programe a podmienkach. Nový online nástroj eLeniency. Príklad využitia programu zhovievavosti. 
610 2 0 |a ochrana súťaže hospodárskej 
610 2 0 |a prostredie konkurenčné 
610 2 0 |a politika protimonopolná 
610 2 0 |a súťaž hospodárska 
610 2 0 |a kartely 
100 1 |a Holzerová, Patrícia, 1995- 
700 1 |a Figurová, Dana